[Event "Blonduos Icelandic op"]
[Site "Blonduos"]
[Date "2025.06.21"]
[Round "9"]
[White "Petursson, Gudni Stefan"]
[Black "Thorhallsson, Simon"]
[Result "0-1"]
[WhiteElo "2003"]
[BlackElo "2202"]
[PlyCount "60"]
[EventDate "2025.06.15"]
[EventType "swiss"]
[EventRounds "9"]
[EventCountry "ISL"]
[SourceTitle "CB26_2025"]
[SourceDate "2025.06.25"]
[SourceVersion "1"]
[SourceVersionDate "2025.06.25"]
[SourceQuality "1"]

1. d4 g6 2. e4 Bg7 3. Nf3 d6 4. Be2 Nf6 5. Nc3 0-0 6. 0-0 Nc6 7. h3 e5 8. dxe5 dxe5 9. Bg5 Be6 10. Qxd8 Rfxd8 11. Rfd1 h6 12. Be3 Ne8 13. Nd2 Nd4 14. Bd3 f5 15. f3 f4 16. Bf2 g5 17. Rac1 Nd6 18. Nb3 b6 19. Nd5 Rd7 20. Nc3 Rad8 21. Nxd4 exd4 22. Nb5 Nc4 23. Bxc4 Bxc4 24. a4 a6 25. Na3 Be6 26. Kf1 d3 27. c3 d2 28. Ra1 Bb3 29. a5 b5 30. Ke2 b4 0-1

[Event "Blonduos Icelandic op"]
[Site "Blonduos"]
[Date "2025.06.18"]
[Round "5"]
[White "Thorhallsson, Simon"]
[Black "Omarsson, Josef"]
[Result "0-1"]
[WhiteElo "2202"]
[BlackElo "2030"]
[PlyCount "134"]
[EventDate "2025.06.15"]
[EventType "swiss"]
[EventRounds "9"]
[EventCountry "ISL"]
[SourceTitle "CB26_2025"]
[SourceDate "2025.06.25"]
[SourceVersion "1"]
[SourceVersionDate "2025.06.25"]
[SourceQuality "1"]

1. d4 Nf6 2. c4 g6 3. Nc3 Bg7 4. e4 d6 5. f3 0-0 6. Be3 Nbd7 7. Qd2 c5 8. Nge2 a6 9. d5 Rb8 10. a4 Ne5 11. Ng3 e6 12. h3 exd5 13. cxd5 Ne8 14. f4 Nd7 15. Be2 Nc7 16. 0-0 b5 17. axb5 axb5 18. e5 dxe5 19. f5 b4 20. Nce4 Bb7 21. Bh6 f6 22. Ra7 Ne8 23. d6 Kh8 24. h4 Qb6 25. Raa1 Rd8 26. Rf3 Nb8 27. fxg6 hxg6 28. Bxg7+ Kxg7 29. Nh5+ gxh5 30. Rg3+ Kh7 31. Nxf6+ Nxf6 32. Qg5 Rd7 33. Rf1 Qxd6 34. Bxh5 Be4 35. Bg6+ Bxg6 36. Qxg6+ Kh8 37. Rf5 Rh7 38. Rgf3 Nbd7 39. Rg5 Rg8 40. Qf5 Rxh4 41. Rxg8+ Nxg8 42. Rd3 Qh6 43. Qxd7 Qc1+ 44. Kf2 Rf4+ 45. Kg3 Qe1+ 46. Kh2 Rh4+ 47. Rh3 Qf2 48. Qg4 Rxh3+ 49. Qxh3+ Kg7 50. Qg4+ Kf8 51. Qc8+ Kf7 52. b3 Ne7 53. Qb7 Ke6 54. Qa6+ Kf5 55. Qa7 Qh4+ 56. Kg1 Qd4+ 57. Kh1 Nd5 58. Qh7+ Kf4 59. Qh6+ Ke4 60. Qh3 Qd1+ 61. Kh2 Nf4 62. Qh7+ Ke3 63. Kg3 Qxb3 64. Qf5 Qb2 65. Kh4 Qf2+ 66. Kg4 Qxg2+ 67. Kh4 Qh3+ 0-1

[Event "Titled Tuesday intern op 03rd Jan Late"]
[Site "Chess.com INT"]
[Date "2025.06.03"]
[Round "3"]
[White "Sanchez Negreiros, Jose Alberto"]
[Black "Thorhallsson, Simon"]
[Result "1-0"]
[WhiteElo "2231"]
[BlackElo "2218"]
[PlyCount "137"]
[EventDate "2025.06.03"]
[EventType "swiss (blitz)"]
[EventRounds "11"]
[EventCountry "USA"]
[SourceTitle "CB24_2025"]
[SourceDate "2025.06.11"]
[SourceVersion "1"]
[SourceVersionDate "2025.06.11"]
[SourceQuality "1"]

1. d4 g6 2. e4 Bg7 3. Nc3 d6 4. Be3 a6 5. Nf3 Nf6 6. h3 0-0 7. Be2 Nc6 8. 0-0 e5 9. d5 Ne7 10. a4 b6 11. b4 Nh5 12. a5 b5 13. Nd2 Nf4 14. Re1 Nxe2+ 15. Qxe2 f5 16. f3 f4 17. Bf2 g5 18. Ncb1 Ng6 19. c4 bxc4 20. Qxc4 h5 21. Rc1 Rf7 22. Qc6 Rb8 23. Nc3 g4 24. fxg4 hxg4 25. hxg4 Rxb4 26. Rab1 Bb7 27. Rxb4 Bxc6 28. dxc6 f3 29. Nxf3 Qc8 30. g5 Qg4 31. Rb8+ Bf8 32. Nh2 Qxg5 33. Ne2 Qd2 34. Re1 Rg7 35. Nf3 Qxa5 36. Ng5 Nf4 37. Nxf4 exf4 38. Ne6 Rf7 39. Rc1 Qa2 40. Ng5 Rf6 41. Bd4 Rg6 42. Rf1 Rxg5 43. Rf2 Qb1+ 44. Rxb1 Rg4 45. Rb8 Kf7 46. Bc3 Be7 47. Bd2 Ke6 48. Rc8 Ke5 49. Rxc7 Bh4 50. Rd7 Bxf2+ 51. Kxf2 Ke6 52. Rd8 Rg7 53. Bxf4 Rc7 54. Rxd6+ Ke7 55. Re6+ Kxe6 56. Bxc7 a5 57. Bxa5 Kd6 58. Bc3 Kxc6 59. Kg3 Kd6 60. Kf4 Ke6 61. g4 Ke7 62. g5 Kf7 63. Kf5 Ke7 64. g6 Kf8 65. g7+ Kg8 66. Kf6 Kh7 67. Kf7 Kh6 68. g8Q Kh5 69. Kf6 1-0

[Event "Titled Tuesday intern op 03rd Jan Late"]
[Site "Chess.com INT"]
[Date "2025.06.03"]
[Round "9"]
[White "Thorhallsson, Simon"]
[Black "Hamedi Nia, Vesal"]
[Result "0-1"]
[WhiteElo "2218"]
[BlackElo "2010"]
[PlyCount "118"]
[EventDate "2025.06.03"]
[EventType "swiss (blitz)"]
[EventRounds "11"]
[EventCountry "USA"]
[SourceTitle "CB24_2025"]
[SourceDate "2025.06.11"]
[SourceVersion "1"]
[SourceVersionDate "2025.06.11"]
[SourceQuality "1"]

1. g3 d5 2. Bg2 Nf6 3. d3 c6 4. Nf3 Bf5 5. 0-0 e6 6. c4 Nbd7 7. cxd5 exd5 8. Nc3 Be7 9. Qc2 0-0 10. e4 Bg6 11. Nh4 dxe4 12. dxe4 Re8 13. Be3 Ng4 14. Nxg6 hxg6 15. Bf4 Qa5 16. h3 Nge5 17. Rfd1 Rad8 18. Rd4 g5 19. Be3 Bc5 20. Ra4 Qb6 21. Re1 Bxe3 22. Rxe3 Nc5 23. Ra3 Nc4 24. Na4 Nxe3 25. Qxc5 Rd1+ 26. Kh2 Qxc5 27. Nxc5 Nxg2 28. Kxg2 b6 29. Nb3 a5 30. Ra4 c5 31. Rc4 f6 32. Kf3 Kf7 33. Rc2 Rd3+ 34. Ke2 Rd6 35. Nd2 f5 36. f3 g6 37. Kf2 Red8 38. Nc4 Re6 39. exf5 gxf5 40. Ne3 Kf6 41. g4 f4 42. Nf5 Rh8 43. Kg2 Rhe8 44. Kf2 a4 45. Rd2 b5 46. Nd6 R8e7 47. Ne4+ Rxe4 48. fxe4 Rxe4 49. Rd5 Rc4 50. Kf3 Rc2 51. h4 gxh4 52. Kxf4 Rf2+ 53. Ke3 Rxb2 54. Rxc5 h3 55. Rh5 h2 56. Kd4 Rxa2 57. Kc5 Rb2 58. Rf5+ Kg6 59. Rh5 a3 0-1

[Event "Titled Tuesday intern op 03rd Jan Late"]
[Site "Chess.com INT"]
[Date "2025.06.03"]
[Round "2"]
[White "Thorhallsson, Simon"]
[Black "Panarin, Mikhail"]
[Result "0-1"]
[WhiteElo "2218"]
[BlackElo "2562"]
[PlyCount "114"]
[EventDate "2025.06.03"]
[EventType "swiss (blitz)"]
[EventRounds "11"]
[EventCountry "USA"]
[SourceTitle "CB24_2025"]
[SourceDate "2025.06.11"]
[SourceVersion "1"]
[SourceVersionDate "2025.06.11"]
[SourceQuality "1"]

1. g3 c5 2. Bg2 Nc6 3. d3 g6 4. Nf3 Bg7 5. 0-0 d6 6. Nc3 e6 7. e4 Nge7 8. Nh4 0-0 9. f4 f5 10. exf5 exf5 11. Nd5 Be6 12. Nxe7+ Qxe7 13. Re1 Qd7 14. Nf3 Kh8 15. c3 Rfe8 16. Bd2 Bd5 17. Rxe8+ Rxe8 18. Qf1 Bf6 19. a3 Kg7 20. Re1 b5 21. Rxe8 Qxe8 22. Qe1 Qxe1+ 23. Nxe1 Bxg2 24. Nxg2 Kf7 25. Ne3 Ke6 26. Kg2 d5 27. Nc2 d4 28. cxd4 Nxd4 29. Nxd4+ Bxd4 30. b3 Kd5 31. a4 bxa4 32. bxa4 c4 33. dxc4+ Kxc4 34. Kf3 Bc3 35. Be3 a6 36. g4 Kb3 37. gxf5 gxf5 38. Kg3 Be1+ 39. Kf3 Kxa4 40. Ke2 Bc3 41. Kd3 Kb3 42. Bb6 Bf6 43. Bc7 Kb4 44. Bd6+ Kb5 45. Bf8 a5 46. Bd6 a4 47. Bf8 Bd8 48. Kd4 Bc7 49. Kd5 Bxf4 50. Ke6 Bxh2 51. Kxf5 Bc7 52. Kg4 Ba5 53. Ba3 Bb4 54. Bb2 Kc4 55. Kf3 Kb3 56. Bc1 Kc2 57. Ba3 Bxa3 0-1

[Event "Titled Tuesday intern op 20th May Late"]
[Site "Chess.com INT"]
[Date "2025.05.20"]
[Round "11"]
[White "Thorhallsson, Simon"]
[Black "Avramidou, Anastasia"]
[Result "0-1"]
[WhiteElo "2218"]
[BlackElo "2294"]
[PlyCount "132"]
[EventDate "2025.05.20"]
[EventType "swiss (blitz)"]
[EventRounds "11"]
[EventCountry "USA"]
[SourceTitle "CB22_2025"]
[SourceDate "2025.05.28"]
[SourceVersion "1"]
[SourceVersionDate "2025.05.28"]
[SourceQuality "1"]

1. Nf3 Nf6 2. g3 g6 3. Bg2 Bg7 4. 0-0 0-0 5. c4 d5 6. cxd5 Nxd5 7. a3 Nc6 8. d4 Nb6 9. e3 e5 10. Nxe5 Nxe5 11. dxe5 Bxe5 12. Qc2 c6 13. Bd2 Qc7 14. Bc3 Be6 15. Nd2 Bd5 16. e4 Be6 17. Nf3 Bxc3 18. Qxc3 f6 19. Nd4 Bf7 20. Nc2 Rae8 21. Ne3 Qe5 22. Qxe5 fxe5 23. Rfd1 Be6 24. Rd6 Kf7 25. Rad1 Ke7 26. R6d3 Rd8 27. Rxd8 Rxd8 28. Rxd8 Kxd8 29. f4 exf4 30. gxf4 Ke7 31. Kf2 Na4 32. b4 Nc3 33. Kg3 Bb3 34. f5 Nb5 35. Kf4 Nxa3 36. Kg5 gxf5 37. exf5 Nc2 38. Ng4 Nxb4 39. Kh6 a5 40. Kg7 a4 41. f6+ Kd7 42. Ne5+ Kc7 43. Bf1 b5 44. Bc4 Nd3 45. f7 Nxe5 46. f8Q Nxc4 47. Qe7+ Kb6 48. Qd8+ Kc5 49. Qf8+ Kb6 50. Qd8+ Kc5 51. Qf8+ Kd4 52. Qf4+ Kc3 53. Qf3+ Kb2 54. Qf6+ Ka3 55. Qe7+ b4 56. Kxh7 Ka2 57. Qxb4 a3 58. Kg7 Nb2 59. h4 Bc2 60. h5 Nd3 61. h6 Nxb4 62. h7 Bxh7 63. Kxh7 Kb2 64. Kg6 a2 65. Kf5 a1Q 66. Ke4 Qc1 0-1

[Event "Titled Tuesday intern op 20th May Late"]
[Site "Chess.com INT"]
[Date "2025.05.20"]
[Round "9"]
[White "Varriale, Luca"]
[Black "Thorhallsson, Simon"]
[Result "0-1"]
[WhiteElo "2172"]
[BlackElo "2218"]
[PlyCount "102"]
[EventDate "2025.05.20"]
[EventType "swiss (blitz)"]
[EventRounds "11"]
[EventCountry "USA"]
[SourceTitle "CB22_2025"]
[SourceDate "2025.05.28"]
[SourceVersion "1"]
[SourceVersionDate "2025.05.28"]
[SourceQuality "1"]

1. Nf3 g6 2. c4 Bg7 3. Nc3 c5 4. g3 Nc6 5. Bg2 d6 6. 0-0 Bf5 7. b3 Qd7 8. Bb2 Bh3 9. e3 h5 10. d4 cxd4 11. Nb5 h4 12. Nbxd4 hxg3 13. fxg3 Bxg2 14. Kxg2 Qh3+ 15. Kg1 Nxd4 16. Bxd4 e5 17. Bb2 Nf6 18. Qxd6 e4 19. Bxf6 Bxf6 20. Qxf6 exf3 21. Rf2 0-0 22. Qxf3 b6 23. Rd1 Rae8 24. Qf4 Re7 25. Rd4 Qe6 26. e4 Rd7 27. Rfd2 Rxd4 28. Rxd4 Qe7 29. Qd6 Qg5 30. Qf4 Qa5 31. Qd2 Qe5 32. Kg2 Re8 33. Qd3 Kg7 34. h3 Re6 35. Qe3 Qc5 36. Rd3 Qa3 37. Qd4+ Rf6 38. e5 Re6 39. Rd2 Qe7 40. Re2 Kg8 41. Re4 f6 42. Rg4 fxe5 43. Qe4 Kg7 44. h4 Kh6 45. Rg5 Qf6 46. Qe3 Kh7 47. Kh2 e4 48. h5 Qb2+ 49. Kh3 Qg7 50. hxg6+ Rxg6 51. Rh5+ Kg8 0-1

[Event "Titled Tuesday intern op 06th May Early"]
[Site "Chess.com INT"]
[Date "2025.05.06"]
[Round "6"]
[White "Sahib, Singh"]
[Black "Thorhallsson, Simon"]
[Result "1-0"]
[WhiteElo "2416"]
[BlackElo "2218"]
[PlyCount "87"]
[EventDate "2025.05.06"]
[EventType "swiss (blitz)"]
[EventRounds "11"]
[EventCountry "USA"]
[SourceTitle "CB20_2025"]
[SourceDate "2025.05.14"]
[SourceVersion "1"]
[SourceVersionDate "2025.05.14"]
[SourceQuality "1"]

1. a3 h6 2. e4 d6 3. d4 Nf6 4. Nc3 e5 5. Nf3 Nbd7 6. Rg1 c6 7. g4 exd4 8. Qxd4 Qb6 9. Qd3 Ne5 10. Nxe5 dxe5 11. Be3 Qc7 12. g5 hxg5 13. Bxg5 Be6 14. 0-0-0 Be7 15. h4 Rd8 16. Qg3 Rxd1+ 17. Kxd1 Nh5 18. Qf3 Bxg5 19. Rxg5 g6 20. Qe3 b6 21. Ne2 Ke7 22. Qc3 Rd8+ 23. Kc1 Qd6 24. Qe1 Bc4 25. Ng3 Bxf1 26. Rxh5 Bc4 27. Rh7 Be6 28. h5 gxh5 29. f4 exf4 30. Nxh5 Kd7 31. e5 Qd4 32. c3 Qc4 33. Nf6+ Kc8 34. Ne4 Qa2 35. Nd6+ Rxd6 36. exd6 Qa1+ 37. Kd2 Qxb2+ 38. Kd3 Bf5+ 39. Kd4 c5+ 40. Kd5 Qb3+ 41. Ke5 Bxh7 42. Kf6 Qe6+ 43. Qxe6+ fxe6 44. Ke7 1-0

[Event "Titled Tuesday intern op 06th May Early"]
[Site "Chess.com INT"]
[Date "2025.05.06"]
[Round "11"]
[White "Thorhallsson, Simon"]
[Black "Osmonbekov, Talaibek D"]
[Result "1-0"]
[WhiteElo "2218"]
[BlackElo "2129"]
[PlyCount "123"]
[EventDate "2025.05.06"]
[EventType "swiss (blitz)"]
[EventRounds "11"]
[EventCountry "USA"]
[SourceTitle "CB20_2025"]
[SourceDate "2025.05.14"]
[SourceVersion "1"]
[SourceVersionDate "2025.05.14"]
[SourceQuality "1"]

1. d4 e6 2. c4 f5 3. g3 Nf6 4. Bg2 Be7 5. Nf3 0-0 6. 0-0 d6 7. b3 a5 8. Nc3 Ne4 9. Bb2 Bf6 10. Nxe4 fxe4 11. Nd2 d5 12. e3 Nc6 13. f3 exf3 14. Bxf3 Qd6 15. Qe2 Bd7 16. Qg2 Ne7 17. Rad1 a4 18. e4 axb3 19. e5 Bxe5 20. dxe5 Qb6+ 21. Qf2 Qxf2+ 22. Rxf2 Rxa2 23. Nxb3 Ba4 24. Ra1 Bxb3 25. Rxa2 Bxa2 26. Ba3 Rxf3 27. Rxf3 Ng6 28. cxd5 Bxd5 29. Rf2 h6 30. Bb2 b5 31. Rc2 c6 32. Bd4 Ne7 33. Kf2 Nf5 34. Bc5 h5 35. Rc3 g5 36. Ra3 Kg7 37. Ra8 Nh6 38. h3 g4 39. hxg4 Nxg4+ 40. Ke2 Kg6 41. Bd6 b4 42. Bxb4 c5 43. Rg8+ Kh7 44. Rb8 cxb4 45. Rxb4 Nxe5 46. Ke3 Kg6 47. Ra4 Kf5 48. Rf4+ Kg5 49. Ra4 Nc4+ 50. Kf2 Nd2 51. Ra3 Ne4+ 52. Kg1 Kg4 53. Kh2 Ng5 54. Ra4+ Be4 55. Rb4 Nf3+ 56. Kg2 Ng5+ 57. Kh2 e5 58. Ra4 Kf3 59. Ra3+ Kg4 60. Ra4 Kf5 61. Ra3 Nf3+ 62. Kh3 1-0

[Event "Titled Tuesday intern op 01st Apr Late"]
[Site "Chess.com INT"]
[Date "2025.04.01"]
[Round "1"]
[White "Thorhallsson, Simon"]
[Black "Bluebaum, Matthias"]
[Result "1-0"]
[WhiteElo "2218"]
[BlackElo "2662"]
[PlyCount "53"]
[EventDate "2025.04.01"]
[EventType "swiss (blitz)"]
[EventRounds "11"]
[EventCountry "USA"]
[SourceTitle "CB15_2025"]
[SourceDate "2025.04.09"]
[SourceVersion "1"]
[SourceVersionDate "2025.04.09"]
[SourceQuality "1"]

1. d4 d5 2. Bf4 e6 3. e3 c5 4. Nf3 Nc6 5. Nbd2 Bd6 6. Bg3 Bxg3 7. hxg3 Qb6 8. c4 cxd4 9. exd4 Nxd4 10. cxd5 exd5 11. Bd3 Nf6 12. Rc1 Nxf3+ 13. Qxf3 Bg4 14. Qf4 h6 15. Nb3 0-0 16. Nd4 Qb4+ 17. Kf1 Qxb2 18. Bf5 Rfe8 19. Rb1 Qd2 20. Qxd2 Ne4 21. Qf4 Bxf5 22. Nxf5 Re6 23. f3 Nc3 24. Rxb7 Rae8 25. Nxh6+ Kh7 26. Nxf7+ Kg6 27. Qg5# 1-0

[Event "Titled Tuesday intern op 01st Apr Late"]
[Site "Chess.com INT"]
[Date "2025.04.01"]
[Round "7"]
[White "Thorhallsson, Simon"]
[Black "Leinov, Roman"]
[Result "0-1"]
[WhiteElo "2218"]
[BlackElo "2120"]
[PlyCount "98"]
[EventDate "2025.04.01"]
[EventType "swiss (blitz)"]
[EventRounds "11"]
[EventCountry "USA"]
[SourceTitle "CB15_2025"]
[SourceDate "2025.04.09"]
[SourceVersion "1"]
[SourceVersionDate "2025.04.09"]
[SourceQuality "1"]

1. d4 d5 2. Nf3 e6 3. Bf4 c5 4. e3 Nc6 5. Nbd2 Bd6 6. Bg3 Nf6 7. c3 0-0 8. Bd3 b6 9. Qe2 Qc7 10. e4 dxe4 11. Nxe4 Nxe4 12. Bxe4 cxd4 13. Rd1 f5 14. Bxc6 Qxc6 15. Bxd6 Qxd6 16. Rxd4 Qc7 17. 0-0 a5 18. Rfd1 Kh8 19. Ne5 Ba6 20. Qe3 f4 21. Qe4 Bb7 22. Qe1 f3 23. Rd7 Qc8 24. g3 Bd5 25. b3 Rf5 26. Rf7 Rxf7 27. Nxf7+ Kg8 28. Ne5 b5 29. c4 bxc4 30. bxc4 Bb7 31. Rc1 Qc5 32. Nd3 Qf5 33. Nf4 Rd8 34. Qxe6+ Qxe6 35. Nxe6 Rd2 36. c5 Rxa2 37. h4 Bd5 38. Nd4 Rd2 39. Nb5 a4 40. c6 Rb2 41. c7 Be6 42. Nd4 Bc8 43. Nxf3 a3 44. Ra1 a2 45. Kh2 Rxf2+ 46. Kg1 Rc2 47. Nd4 Rb2 48. g4 Rb1+ 49. Kf2 Rxa1 0-1

[Event "Titled Tuesday intern op 25th Mar Early"]
[Site "Chess.com INT"]
[Date "2025.03.25"]
[Round "2"]
[White "Kjaergaard Jensen, Jesper"]
[Black "Thorhallsson, Simon"]
[Result "0-1"]
[WhiteElo "2081"]
[BlackElo "2232"]
[PlyCount "54"]
[EventDate "2025.03.25"]
[EventType "swiss (blitz)"]
[EventRounds "11"]
[EventCountry "USA"]
[SourceTitle "CB14_2025"]
[SourceDate "2024.11.01"]
[SourceVersion "1"]
[SourceVersionDate "2024.11.01"]
[SourceQuality "1"]

1. d4 Nf6 2. Nf3 g6 3. Bg5 Bg7 4. c3 0-0 5. Bxf6 Bxf6 6. Nbd2 d6 7. e4 c5 8. dxc5 dxc5 9. Nc4 Nc6 10. Ne3 Be6 11. Qc2 Qc7 12. h4 Rad8 13. h5 Ne5 14. Be2 Nxf3+ 15. Bxf3 Bg5 16. hxg6 fxg6 17. Qe2 Qf4 18. Nd5 Qe5 19. Rd1 Rd7 20. Ne3 Rxd1+ 21. Qxd1 Bxe3 22. fxe3 Qg3+ 23. Kf1 Bg4 24. Qd5+ e6 25. Qxb7 Rxf3+ 26. Kg1 Qf2+ 27. Kh2 Rh3# 0-1

[Event "Titled Tuesday intern op 25th Mar Early"]
[Site "Chess.com INT"]
[Date "2025.03.25"]
[Round "1"]
[White "Thorhallsson, Simon"]
[Black "Idani, Pouya"]
[Result "0-1"]
[WhiteElo "2232"]
[BlackElo "2619"]
[PlyCount "88"]
[EventDate "2025.03.25"]
[EventType "swiss (blitz)"]
[EventRounds "11"]
[EventCountry "USA"]
[SourceTitle "CB14_2025"]
[SourceDate "2024.11.01"]
[SourceVersion "1"]
[SourceVersionDate "2024.11.01"]
[SourceQuality "1"]

1. d4 f5 2. g3 Nf6 3. Bg2 g6 4. c4 Bg7 5. Nc3 0-0 6. Nf3 d6 7. 0-0 Qe8 8. Re1 e5 9. dxe5 dxe5 10. e4 f4 11. gxf4 Bg4 12. Qb3 Bxf3 13. Bxf3 Nc6 14. Bg2 Nd4 15. Qd1 Rd8 16. fxe5 Nh5 17. Be3 Qxe5 18. Nd5 Ne6 19. Qg4 c6 20. Bh3 Rde8 21. Nc3 Nhf4 22. Bf1 h5 23. Qg3 Nd4 24. Bxd4 Qxd4 25. Rad1 Qe5 26. Rd7 Re7 27. Red1 Rff7 28. Rxe7 Qxe7 29. c5 Be5 30. Qe3 Kg7 31. Kh1 Qf6 32. Bc4 Re7 33. Rg1 Qh4 34. Qg3 Qf6 35. Qg5 Qxg5 36. Rxg5 Bxc3 37. bxc3 Rxe4 38. Bf1 Kf6 39. Rg1 Re5 40. Bc4 Rxc5 41. Bb3 Rxc3 42. Rd1 Rd3 43. Rc1 Rd2 44. h4 Rxf2 0-1

[Event "Titled Tuesday intern op 18th Mar Late"]
[Site "Chess.com INT"]
[Date "2025.03.18"]
[Round "10"]
[White "Milanovic, Vojislav"]
[Black "Thorhallsson, Simon"]
[Result "0-1"]
[WhiteElo "2293"]
[BlackElo "2232"]
[PlyCount "58"]
[EventDate "2025.03.18"]
[EventType "swiss (blitz)"]
[EventRounds "11"]
[EventCountry "USA"]
[SourceTitle "CB13_2025"]
[SourceDate "2025.03.26"]
[SourceVersion "1"]
[SourceVersionDate "2025.03.26"]
[SourceQuality "1"]

1. e4 d6 2. d4 Nf6 3. Nc3 e5 4. Nf3 Nbd7 5. Bc4 Be7 6. a4 0-0 7. 0-0 c6 8. dxe5 dxe5 9. a5 Qc7 10. Qe2 Nc5 11. Nh4 Rd8 12. Nf5 Bxf5 13. exf5 h6 14. h3 b5 15. axb6 axb6 16. Rxa8 Rxa8 17. b4 Na4 18. Nxa4 Rxa4 19. c3 b5 20. Bb3 Ra1 21. Bb2 Rxf1+ 22. Kxf1 e4 23. c4 Qh2 24. Qd2 Qh1+ 25. Ke2 Qxg2 26. Qe3 Nh5 27. cxb5 Bg5 28. Qd4 Qf3+ 29. Kf1 Ng3+ 0-1

[Event "Titled Tuesday intern op 18th Mar Late"]
[Site "Chess.com INT"]
[Date "2025.03.18"]
[Round "1"]
[White "Thorhallsson, Simon"]
[Black "Rasulov, Vugar Ural Oglu"]
[Result "1/2-1/2"]
[WhiteElo "2232"]
[BlackElo "2505"]
[PlyCount "128"]
[EventDate "2025.03.18"]
[EventType "swiss (blitz)"]
[EventRounds "11"]
[EventCountry "USA"]
[SourceTitle "CB13_2025"]
[SourceDate "2025.03.26"]
[SourceVersion "1"]
[SourceVersionDate "2025.03.26"]
[SourceQuality "1"]

1. d4 c5 2. d5 e5 3. Nc3 d6 4. e4 Be7 5. Nf3 Bg4 6. h3 Bxf3 7. Qxf3 Bg5 8. Bxg5 Qxg5 9. Qg4 Qxg4 10. hxg4 a6 11. a4 Nd7 12. Be2 Ke7 13. Kd2 h6 14. g5 f6 15. gxh6 Nxh6 16. Rh4 Nf7 17. Rah1 Rxh4 18. Rxh4 Rh8 19. Rxh8 Nxh8 20. Bh5 g6 21. Bg4 Nf7 22. Bxd7 Kxd7 23. a5 f5 24. f3 Ke7 25. Ke3 Nh6 26. Na4 f4+ 27. Kf2 g5 28. g4 fxg3+ 29. Kxg3 Ng8 30. Kg4 Kf6 31. Nb6 Nh6+ 32. Kh5 Nf7 33. Nd7+ Ke7 34. Kg6 Nh8+ 35. Kg7 Nf7 36. Nf6 c4 37. Nh7 c3 38. b4 Nd8 39. Nxg5 Kd7 40. Kf6 b6 41. axb6 Nb7 42. Nh3 a5 43. bxa5 Nxa5 44. f4 Nc4 45. fxe5 Nxe5 46. Nf2 Nc4 47. Nd1 Nxb6 48. Nxc3 Nc4 49. Ne2 Ne3 50. c3 Nd1 51. e5 dxe5 52. Kxe5 Ne3 53. Kd4 Nf5+ 54. Kc5 Nd6 55. Nd4 Ne4+ 56. Kc4 Kd6 57. Nb5+ Ke5 58. d6 Ke6 59. Kb4 Kd7 60. c4 Kc6 61. Nd4+ Kxd6 62. Nb5+ Kc6 63. Nd4+ Kb6 64. c5+ Nxc5 1/2-1/2

[Event "Godinn CC op"]
[Site "Skutustadir"]
[Date "2025.03.16"]
[Round "6"]
[White "Hallmundarson, Birkir"]
[Black "Thorhallsson, Simon"]
[Result "0-1"]
[WhiteElo "1877"]
[BlackElo "2232"]
[PlyCount "114"]
[EventDate "2025.03.13"]
[EventType "swiss"]
[EventRounds "6"]
[EventCountry "ISL"]
[SourceTitle "CB12_2025"]
[SourceDate "2025.03.19"]
[SourceVersion "1"]
[SourceVersionDate "2025.03.19"]
[SourceQuality "1"]

1. Nf3 Nf6 2. c4 c5 3. Nc3 Nc6 4. d4 cxd4 5. Nxd4 g6 6. e4 d6 7. Be2 Bg7 8. Be3 0-0 9. 0-0 Nxd4 10. Bxd4 Be6 11. Rc1 a6 12. f3 Rc8 13. b3 Qa5 14. Qd2 b5 15. cxb5 axb5 16. Rc2 b4 17. Nb5 Rxc2 18. Qxc2 Rc8 19. Qd2 Ra8 20. Rc1 Bd7 21. Nc7 Rc8 22. Nd5 Rxc1+ 23. Qxc1 Nxd5 24. Bxg7 Kxg7 25. exd5 Qxd5 26. Qb2+ e5 27. h3 Qc5+ 28. Kf1 Be6 29. Qd2 d5 30. g4 h6 31. Bd3 Qd4 32. Qe2 Bc8 33. Qc2 Bd7 34. h4 e4 35. fxe4 Bxg4 36. Kg2 dxe4 37. Bxe4 Be6 38. Kh2 h5 39. Qg2 Qe5+ 40. Kh1 Qf4 41. Qb2+ Kh7 42. Qe2 Qxh4+ 43. Kg1 Qg3+ 44. Kh1 h4 45. Qh5+ Kg7 46. Qe2 h3 47. Qb2+ Kh7 48. Qe2 Kg7 49. Qb2+ Kg8 50. Qd2 Qc3 51. Qe2 Kg7 52. Kg1 Qe5 53. Qf3 Qa1+ 54. Qf1 h2+ 55. Kf2 Qd4+ 56. Kf3 Bd5 57. Kg3 Qg1+ 0-1